000 00202 a2200097 4500
001 8559
100 _aQadrat Ullah Shahab
245 _aSurakh Feeta
260 _a
_bSang-e-Meel
_c
090 _c6886
_d6886
942 _aNUST-CAE
_cM
_c33473
999 _c243632
_d243632